Statistics for Countries Whose Capitals Start With Letter D

Click here to take the quiz!

General Stats

  • This quiz has been taken 234 times
  • The average score is 8 of 9

Answer Stats

HintAnswer% Correct
DublinIreland
93%
DjiboutiDjibouti
88%
DhakaBangladesh
87%
DamascusSyria
87%
DushanbeTajikistan
87%
DohaQatar
82%
DakarSenegal
82%
DodomaTanzania
82%
DiliEast Timor
81%

Score Distribution

Percentile by Number Answered

Percent of People with Each Score

Your Score History

You have not taken this quiz